[Event "54th Rubinstein Memorial-A 2018"]
[Site "Polanica-Zdroj"]
[Date "2018.08.21"]
[Round "5"]
[White "Kumala, Aleksander"]
[Black "Domanski, Lukasz"]
[Result "1-0"]
[WhiteElo "2238"]
[BlackElo "2094"]
[Annotator "NA"]
[PlyCount "41"]
[EventDate "2018.08.18"]
[EventType "swiss"]
[EventCountry "POL"]
[SourceTitle "playchess.com"]
[Source "ChessBase"]
[SourceQuality "1"]
[TimeControl "40/5400+30:1800+30"]

1. d4 {[%emt 0:00:00]} d5 {[%emt 0:00:00]} 2. Bf4 {[%emt 0:00:00]} g6 {[%emt 0:00:00]} 3. e3 {[%emt 0:01:55]} Bg7 {[%emt 0:00:00]} 4. Nf3 {[%emt 0:01:30]} Nf6 {[%emt 0:00:10]} 5. h3 {[%emt 0:00:23]} c5 {[%emt 0:00:58]} 6. c3 {[%emt 0:02:11]} Nc6 {[%emt 0:02:28]} 7. Nbd2 {[%emt 0:05:18]} O-O {[%emt 0:00:16]} 8. dxc5 {[%emt 0:03:57]} a5 {[%emt 0:00:58]} 9. Bb5 {[%emt 0:01:59]} Nd7 {[%emt 0:00:37]} 10. Nb3 {[%emt 0:04:18]} a4 {[%emt 0:33:04]} 11. Nbd4 {[%emt 0:00:52]} Qa5 {[%emt 0:13:32]} 12. Nxc6 {[%emt 0:08:07]} Qxb5 {[%emt 0:04:45]} 13. Nxe7+ {[%emt 0:00:09]} Kh8 {[%emt 0:00:18]} 14. Nxd5 {[%emt 0:09:19]} Nxc5 {[%emt 0:05:32]} 15. Nb4 {[%emt 0:18:41]} a3 {[%emt 0:06:37]} 16. Nd4 {[%emt 0:01:32]} Bxd4 {[%emt 0:05:52]} 17. Qxd4+ {[%emt 0:00:11]} Kg8 {[%emt 0:04:04]} 18. b3 {[%emt 0:01:16]} Bf5 {[%emt 0:04:43]} 19. Bd6 {[%emt 0:03:04]} Ne6 {[%emt 0:01:24]} 20. Qd5 {[%emt 0:00:11]} Qxd5 {[%emt 0:01:38]} 21. Nxd5 {[%emt 0:00:08]} 1-0

[Event "54th Rubinstein Memorial-A 2018"]
[Site "Polanica-Zdroj"]
[Date "2018.08.22"]
[Round "5"]
[White "Okrucinski, Tadeusz"]
[Black "Manik, Mikulas"]
[Result "0-1"]
[WhiteElo "2182"]
[BlackElo "2408"]
[Annotator "NA"]
[PlyCount "74"]
[EventDate "2018.08.18"]
[EventType "swiss"]
[EventCountry "POL"]
[SourceTitle "playchess.com"]
[Source "ChessBase"]
[SourceQuality "1"]
[TimeControl "40/5400+30:1800+30"]

1. d4 Nf6 2. c4 g6 3. Nc3 Bg7 4. g3 O-O 5. Bg2 c6 {LiveBook: 211 Games} 6. e4 d6 7. Nf3 e5 8. O-O exd4 9. Nxd4 Ng4 10. h3 Qf6 11. Nc2 Ne5 12. Qe2 Na6 ({Günstiger ist} 12... Qe6 $14) 13. f4 Nd7 14. Be3 Qe7 $16 15. Bd4 Nf6 16. Rae1 Nc5 17. Qd2 a5 18. g4 Rd8 19. f5 Nfd7 20. Bxg7 Kxg7 21. f6+ Nxf6 22. Nd5 cxd5 23. exd5 Qc7 24. Rxf6 Nd7 25. Rf4 Ne5 26. b3 Qe7 27. Nd4 Bd7 28. c5 Kg8 29. Rfe4 f6 30. g5 Re8 31. gxf6 Qxf6 32. cxd6 Qxd6 33. Qe3 Nf7 34. Ne6 Re7 35. Qd4 Nh6 36. Qc5 Rxe6 37. dxe6 Qxc5+ 0-1

[Event "54th Rubinstein Memorial-A 2018"]
[Site "Polanica-Zdroj"]
[Date "2018.08.22"]
[Round "5"]
[White "Sanz Wawer, Daniel"]
[Black "Djuric, Stefan"]
[Result "1/2-1/2"]
[WhiteElo "2180"]
[BlackElo "2352"]
[Annotator "NA"]
[PlyCount "43"]
[EventDate "2018.08.18"]
[EventType "swiss"]
[EventCountry "POL"]
[SourceTitle "playchess.com"]
[Source "ChessBase"]
[SourceQuality "1"]
[TimeControl "40/5400+30:1800+30"]

1. d4 {[%emt 0:00:00]} Nf6 {[%emt 0:09:59]} 2. c4 {[%emt 0:00:00]} g6 {[%emt 0:00:25]} 3. f3 {[%emt 0:00:01]} Bg7 {[%emt 0:01:01]} 4. e4 {[%emt 0:00:19]} d6 {[%emt 0:00:17]} 5. Nc3 {[%emt 0:00:20]} O-O {[%emt 0:00:13]} 6. Nge2 {[%emt 0:00:14]} c5 {[%emt 0:00:52]} 7. d5 {[%emt 0:00:10]} a6 {[%emt 0:01:35]} 8. Ng3 {[%emt 0:00:47]} Nfd7 {[%emt 0:02:54]} 9. Be3 {[%emt 0:13:42]} Qa5 {[%emt 0:03:20]} 10. Qd2 {[%emt 0:05:28]} b5 {[%emt 0:00:33]} 11. Be2 {[%emt 0:06:04]} Nb6 {[%emt 0:04:35]} 12. cxb5 {[%emt 0:07:26]} axb5 {[%emt 0:00:14]} 13. Bh6 {[%emt 0:08:25]} b4 $11 {[%emt 0:11:00]} 14. Bxg7 {[%emt 0:00:25]} Kxg7 {[%emt 0:00:13]} 15. Nd1 {[%emt 0:01:24]} e5 {[%emt 0:08:32]} 16. Nh5+ {[%emt 0:11:29]} gxh5 {[%emt 0:00:23]} 17. Qg5+ {[%emt 0:00:10]} Kh8 {[%emt 0:00:11]} 18. Qf6+ {[%emt 0:00:14]} Kg8 {[%emt 0:00:12]} 19. Qg5+ {[%emt 0:00:13]} Kh8 {[%emt 0:00:15]} 20. Qf6+ {[%emt 0:00:11]} Kg8 {[%emt 0:00:12]} 21. Qg5+ {[%emt 0:00:43]} Kh8 {[%emt 0:00:12]} 22. Qf6+ 1/2-1/2

[Event "54th Rubinstein Memorial-A 2018"]
[Site "Polanica-Zdroj"]
[Date "2018.08.22"]
[Round "5"]
[White "Jaskolka, Tomasz"]
[Black "Reza, Wojciech"]
[Result "1-0"]
[WhiteElo "2165"]
[BlackElo "2303"]
[Annotator "ChessBase"]
[PlyCount "114"]
[EventDate "2018.08.18"]
[EventType "swiss"]
[EventCountry "POL"]
[SourceTitle "playchess.com"]
[Source "ChessBase"]
[SourceQuality "1"]
[TimeControl "40/5400+30:1800+30"]

1. d4 {[%emt 0:00:00]} Nf6 {[%emt 0:00:05]} 2. c4 {[%emt 0:00:00]} e6 {[%emt 0:01:05]} 3. Nf3 {[%emt 0:00:15]} c5 {[%emt 0:00:38]} 4. d5 {[%emt 0:00:33]} exd5 {[%emt 0:02:05]} 5. cxd5 {[%emt 0:05:33]} Bd6 {[%emt 0:00:12]} 6. Nc3 {[%emt 0:06:42]} Bc7 {[%emt 0:00:20]} 7. Bg5 {[%emt 0:08:21]} d6 {[%emt 0:11:26]} 8. Qa4+ {[%emt 0:07:05]} Nbd7 {[%emt 0:03:06]} 9. e3 {[%emt 0:01:34]} a6 {[%emt 0:04:38]} 10. Bd3 {[%emt 0:06:34]} h6 {[%emt 0:01:42]} 11. Bh4 {[%emt 0:10:46]} Qe7 {[%emt 0:11:34]} 12. Ne4 {[%emt 0:12:07]} g5 {[%emt 0:07:58]} 13. Nfxg5 {[%emt 0:01:26]} hxg5 {[%emt 0:00:45]} 14. Bxg5 {[%emt 0:00:11]} Kf8 {[%emt 0:10:46]} 15. Nxf6 {[%emt 0:17:41]} Nxf6 {[%emt 0:00:27]} 16. Qf4 {[%emt 0:00:45]} Bd8 {[%emt 0:01:09]} 17. O-O-O {[%emt 0:07:32]} Qe5 {[%emt 0:03:36]} 18. Qxe5 {[%emt 0:01:50]} dxe5 {[%emt 0:00:03]} 19. e4 {[%emt 0:01:53]} Bd7 {[%emt 0:01:09]} 20. f3 {[%emt 0:00:53]} c4 {[%emt 0:10:35]} 21. Be2 {[%emt 0:00:56]} Rc8 {[%emt 0:00:25]} 22. Bd2 {[%emt 0:01:27]} Ba4 {[%emt 0:01:46]} 23. Rdf1 {[%emt 0:00:35]} Bb6 {[%emt 0:02:06]} 24. Bd1 {[%emt 0:01:08]} Bxd1 {[%emt 0:01:27]} 25. Rxd1 {[%emt 0:00:24]} Bd4 {[%emt 0:00:16]} 26. Bc3 {[%emt 0:00:36]} Bxc3 {[%emt 0:02:27]} 27. bxc3 {[%emt 0:01:32]} Ke7 {[%emt 0:01:30]} 28. Kd2 {[%emt 0:00:54]} Rcg8 {[%emt 0:01:01]} 29. g3 {[%emt 0:00:50]} Nd7 {[%emt 0:03:04]} 30. Ke3 {[%emt 0:01:08]} Rh3 {[%emt 0:00:23]} 31. f4 {[%emt 0:01:27]} f6 {[%emt 0:04:07]} 32. fxe5 {[%emt 0:00:23]} Nxe5 {[%emt 0:01:48]} 33. Rb1 {[%emt 0:00:37]} b5 {[%emt 0:01:26]} 34. a4 {[%emt 0:00:02]} Rb8 {[%emt 0:01:59]} 35. axb5 {[%emt 0:00:27]} axb5 {[%emt 0:01:24]} 36. Ra1 {[%emt 0:00:52]} Rb6 {[%emt 0:04:50]} 37. Ra7+ {[%emt 0:00:53]} Kd6 {[%emt 0:00:13]} 38. Rf1 {[%emt 0:00:13]} Ng4+ {[%emt 0:02:47]} 39. Kd4 {[%emt 0:00:13]} Rh6 {[%emt 0:01:06]} 40. h3 {[%emt 0:00:00]} Ne5 {[%emt 0:00:00]} 41. g4 {[%emt 0:03:54]} Nd7 {[%emt 0:08:54]} 42. g5 {[%emt 0:16:23]} Rh4 {[%emt 0:01:25]} 43. Rf3 {[%emt 0:07:41]} f5 {[%emt 0:09:54]} 44. Rxf5 {[%emt 0:00:32]} Ke7 {[%emt 0:00:08]} 45. Re5+ {[%emt 0:03:49]} Kd8 {[%emt 0:00:06]} 46. Re6 {[%emt 0:00:37]} Rxe6 {[%emt 0:01:17]} 47. dxe6 {[%emt 0:00:03]} Nb8 {[%emt 0:00:18]} 48. e7+ {[%emt 0:01:12]} Ke8 {[%emt 0:00:21]} 49. Ra8 {[%emt 0:00:04]} Kxe7 {[%emt 0:01:48]} 50. Rxb8 {[%emt 0:00:03]} Rxh3 {[%emt 0:00:25]} 51. Rxb5 {[%emt 0:00:10]} Kd6 {[%emt 0:00:19]} 52. Rb6+ {[%emt 0:00:38]} Kc7 {[%emt 0:00:08]} 53. Rb4 {[%emt 0:00:18]} Rg3 {[%emt 0:00:09]} 54. Rxc4+ {[%emt 0:00:25]} Kd6 {[%emt 0:00:03]} 55. Rc5 {[%emt 0:00:26]} Rg1 {[%emt 0:00:09]} 56. Rd5+ {[%emt 0:00:14]} Ke6 {[%emt 0:00:03]} 57. c4 Rh1 1-0

[Event "54th Rubinstein Memorial-A 2018"]
[Site "Polanica-Zdroj"]
[Date "2018.08.22"]
[Round "5"]
[White "Zaleski, Lukasz"]
[Black "Betkowski, Andrzej"]
[Result "1/2-1/2"]
[WhiteElo "2164"]
[BlackElo "2041"]
[Annotator "NA"]
[PlyCount "69"]
[EventDate "2018.08.18"]
[EventType "swiss"]
[EventCountry "POL"]
[SourceTitle "playchess.com"]
[Source "ChessBase"]
[SourceQuality "1"]
[TimeControl "40/5400+30:1800+30"]

1. e4 e6 2. d4 d5 3. Nc3 Bb4 4. exd5 exd5 5. Bd3 $11 Nf6 6. Nge2 O-O 7. O-O Re8 8. Bg5 c6 9. Ng3 Nbd7 10. Nf5 Nf8 11. Qf3 Bxf5 12. Qxf5 Be7 13. Bf4 Qd7 14. Rfe1 g6 15. Qxd7 N6xd7 16. Ne2 Ne6 17. Bg3 f5 18. c3 Bg5 19. Bd6 Bd2 20. Red1 Bh6 21. f4 Bf8 22. Be5 Bg7 23. h3 Nf6 24. Bxf6 Bxf6 25. g4 fxg4 26. hxg4 Re7 27. f5 gxf5 28. gxf5 Ng5 29. Nf4 Rae8 30. Ng2 Rg7 31. Kf2 Nh3+ 32. Kf3 Ng5+ 33. Kf2 Nh3+ 34. Kf3 Ng5+ 35. Kf2 1/2-1/2

[Event "54th Rubinstein Memorial-A 2018"]
[Site "Polanica-Zdroj"]
[Date "2018.08.22"]
[Round "5"]
[White "Kozak, Antoni"]
[Black "Cherepov, Alexej"]
[Result "1/2-1/2"]
[WhiteElo "2157"]
[BlackElo "2245"]
[Annotator "NA"]
[PlyCount "75"]
[EventDate "2018.08.18"]
[EventType "swiss"]
[EventCountry "POL"]
[SourceTitle "playchess.com"]
[Source "ChessBase"]
[SourceQuality "1"]
[TimeControl "40/5400+30:1800+30"]

1. d4 {[%emt 0:00:00]} Nf6 {[%emt 0:00:00]} 2. Bf4 {[%emt 0:00:00]} c5 {[%emt 0:00:55]} 3. d5 {[%emt 0:00:00]} Qb6 {[%emt 0:02:49]} 4. Nc3 {[%emt 0:00:00]} Qxb2 {[%emt 0:03:51]} 5. Bd2 {[%emt 0:00:06]} Qb6 {[%emt 0:01:50]} 6. e4 {[%emt 0:01:55]} d6 {[%emt 0:00:13]} 7. f4 {[%emt 0:04:03]} g6 {[%emt 0:06:28]} 8. e5 {[%emt 0:23:21]} dxe5 {[%emt 0:15:56]} 9. fxe5 {[%emt 0:00:04]} Nfd7 $1 {[%emt 0:01:04]} 10. Nf3 $14 {[%emt 0:01:55]} Bg7 {[%emt 0:05:40]} 11. Rb1 {[%emt 0:02:58]} Qd8 {[%emt 0:11:03]} 12. e6 {[%emt 0:01:48]} fxe6 {[%emt 0:00:24]} 13. Ng5 {[%emt 0:00:05]} Nf6 {[%emt 0:05:08]} 14. Bb5+ {[%emt 0:00:13]} Kf8 {[%emt 0:00:04]} 15. dxe6 {[%emt 0:03:48]} Qd4 {[%emt 0:02:29]} 16. Ne2 {[%emt 0:07:15]} Qd5 {[%emt 0:16:23]} 17. Bc3 {[%emt 0:08:39]} Nc6 {[%emt 0:04:02]} 18. O-O {[%emt 0:00:31]} Qxg5 {[%emt 0:01:22]} 19. Bxc6 {[%emt 0:00:05]} Bxe6 {[%emt 0:01:03]} 20. Nf4 {[%emt 0:02:01]} Kf7 {[%emt 0:07:42]} 21. h4 {[%emt 0:02:39]} Qg4 {[%emt 0:02:44]} 22. Nxe6 {[%emt 0:00:13]} Qxd1 {[%emt 0:00:13]} 23. Ng5+ {[%emt 0:01:58]} Kg8 {[%emt 0:00:04]} 24. Rfxd1 {[%emt 0:00:12]} bxc6 {[%emt 0:00:04]} 25. Rb7 {[%emt 0:01:09]} h6 {[%emt 0:05:35]} 26. Ne6 {[%emt 0:00:17]} Re8 {[%emt 0:00:33]} 27. Rxa7 {[%emt 0:06:18]} Kf7 {[%emt 0:00:29]} 28. Nxg7 {[%emt 0:00:12]} Kxg7 {[%emt 0:01:03]} 29. Rd6 {[%emt 0:00:05]} Rhf8 {[%emt 0:02:48]} 30. Rxc6 {[%emt 0:00:09]} Kg8 {[%emt 0:00:29]} 31. Be5 {[%emt 0:04:29]} g5 {[%emt 0:01:03]} 32. hxg5 {[%emt 0:02:19]} hxg5 {[%emt 0:00:02]} 33. Rxc5 {[%emt 0:00:49]} Ne4 {[%emt 0:01:52]} 34. Rcc7 {[%emt 0:04:21]} Rf5 {[%emt 0:00:06]} 35. Rxe7 {[%emt 0:02:59]} Rxe5 {[%emt 0:00:24]} 36. Rg7+ {[%emt 0:00:46]} Kh8 {[%emt 0:00:03]} 37. Rh7+ {[%emt 0:00:11]} Kg8 {[%emt 0:00:04]} 38. Rag7+ {[%emt 0:00:13]} 1/2-1/2

[Event "54th Rubinstein Memorial-A 2018"]
[Site "Polanica-Zdroj"]
[Date "2018.08.22"]
[Round "5"]
[White "Klepek, Witold"]
[Black "Kucza, Karol"]
[Result "1/2-1/2"]
[WhiteElo "2139"]
[BlackElo "2342"]
[Annotator "NA"]
[PlyCount "64"]
[EventDate "2018.08.18"]
[EventType "swiss"]
[EventCountry "POL"]
[SourceTitle "playchess.com"]
[Source "ChessBase"]
[SourceQuality "1"]
[TimeControl "40/5400+30:1800+30"]

1. e4 {[%emt 0:00:37]} e5 {[%emt 0:00:00]} 2. Nf3 {[%emt 0:00:11]} Nc6 {[%emt 0:00:00]} 3. d4 {[%emt 0:00:07]} exd4 {[%emt 0:00:00]} 4. Nxd4 {[%emt 0:00:07]} Nf6 {[%emt 0:00:00]} 5. Nxc6 {[%emt 0:00:07]} bxc6 {[%emt 0:00:01]} 6. e5 {[%emt 0:00:09]} Qe7 {[%emt 0:00:06]} 7. Qe2 {[%emt 0:00:05]} Nd5 {[%emt 0:00:07]} 8. c4 {[%emt 0:00:06]} Ba6 {[%emt 0:00:06]} 9. b3 {[%emt 0:00:06]} g6 {[%emt 0:00:30]} 10. Bb2 {[%emt 0:00:38]} Bg7 {[%emt 0:00:22]} 11. g3 {[%emt 0:00:12]} O-O {[%emt 0:00:15]} 12. Bg2 {[%emt 0:00:05]} Rae8 {[%emt 0:00:10]} 13. O-O {[%emt 0:00:24]} Bxe5 {[%emt 0:00:08] C45: Schottische Partie} 14. Qxe5 {[%emt 0:00:06]} Qxe5 {[%emt 0:00:07]} 15. Bxe5 {[%emt 0:00:05]} Rxe5 {[%emt 0:00:08]} 16. cxd5 {[%emt 0:00:05]} Bxf1 {[%emt 0:00:06]} 17. Kxf1 {[%emt 0:00:06]} cxd5 {[%emt 0:00:06]} 18. Na3 {[%emt 0:02:03]} c6 {[%emt 0:04:48]} 19. Nc2 {[%emt 0:00:36]} (19. Rd1 Rfe8 20. Bf3 Kf8 21. Nc2 {½-½ (32) Salgado Lopez,I (2644)-Kryvoruchko,Y (2689) Riadh 2017}) 19... Rb8 $146 {[%emt 0:01:17]} ({Vorgänger:} 19... Rfe8 20. Bf3 a5 21. Rd1 {½-½ (88) Kovernikov,B (2338)-Schwarz,J (2253) ICCF email 2011}) 20. Rd1 {[%emt 0:00:43]} Kf8 {[%emt 0:03:54]} 21. Rd4 {[%emt 0:03:26]} Ree8 {[%emt 0:09:11]} 22. Rh4 {[%emt 0:08:24]} h5 {[%emt 0:04:07]} 23. Ra4 {[%emt 0:00:04]} Rb7 {[%emt 0:00:07]} 24. Bf3 {[%emt 0:01:29]} Ke7 {[%emt 0:00:18]} 25. Ke2 {[%emt 0:00:43]} Kd6+ {[%emt 0:02:56]} 26. Kd2 {[%emt 0:00:37]} Re7 {[%emt 0:13:56]} 27. Ne1 {[%emt 0:06:16]} Re8 {[%emt 0:09:47]} 28. Nd3 $11 {[%emt 0:00:46]} Ra8 {[%emt 0:18:53]} 29. Ra5 {[%emt 0:13:28]} a6 {[%emt 0:08:17]} 30. Be2 {[%emt 0:02:23]} Rb5 {[%emt 0:00:49]} 31. Ra4 {[%emt 0:00:09]} a5 {[%emt 0:00:09]} 32. h4 {[%emt 0:09:21]} Rbb8 {[%emt 0:04:10]} 1/2-1/2

[Event "54th Rubinstein Memorial-A 2018"]
[Site "Polanica-Zdroj"]
[Date "2018.08.21"]
[Round "5"]
[White "Mika, Tomasz"]
[Black "Shishkin, Vadim"]
[Result "0-1"]
[WhiteElo "2120"]
[BlackElo "2461"]
[Annotator "TA"]
[PlyCount "136"]
[EventDate "2018.08.18"]
[EventType "swiss"]
[EventCountry "POL"]
[SourceTitle "playchess.com"]
[Source "ChessBase"]
[SourceQuality "1"]

{[%evp 17,136,44,54,58,50,38,48,-13,67,-14,37,-19,-10,0,0,0,0,-20,10,4,-5,0,0,-58,0,0,126,138,157,104,107,108,115,-38,-38,-55,-40,-49,-26,-28,-26,-67,-67,-63,-62,-64,-50,-102,-90,-146,-81,-107,-91,-99,-89,-97,-87,-81,-77,-145,-108,-163,-104,-97,-102,-97,-98,-121,-118,-132,-129,-153,-137,-140,-135,-118,-111,-111,-111,-108,-101,-106,-100,-112,-91,-105,-107,-106,-108,-223,-219,-212,-213,-337,-268,-323,-259,-322,-337,-363,-335,-431,-405,-427,-422,-411,-396,-416,-413,-520,-514,-550,-547,-591,-584,-575,-582,-667,-581,-1536,-1308]} 1. d4 Nf6 2. c4 e6 3. Nf3 b6 4. g3 Bb7 5. Bg2 g6 6. O-O Bg7 7. Nc3 O-O 8. Qc2 {A50: Queen's Fianchetto Defence (1 d4 Nf6 2 c4 b6)} (8. d5 exd5 9. cxd5 Re8 10. Nd4 c5 11. Ndb5 d6 12. Bf4 Bf8 13. a4 a6 14. Na3 Nh5 15. Bd2 Nd7 {1-0 (47) Ponomariov,R (2686)-Hou,Y (2658) Shenzhen 2018}) 8... d6 9. e4 Nbd7 {LiveBook: 13 Games} 10. b3 {White is slightly better.} c5 11. Rd1 Qe7 12. e5 $146 (12. Rb1 $14) ({Predecessor:} 12. Bb2 cxd4 13. Nxd4 Nc5 14. b4 Na6 15. a3 {0-1 (55) Dutreuil,R (2390)-Mayer,P (2330) Le Port Marly 2013}) 12... Ne8 (12... dxe5 $11 13. dxe5 Ng4) 13. dxc5 (13. Bg5 $14 f6 14. exf6 Ndxf6 15. Rac1) 13... Nxc5 (13... dxe5 $11 14. cxb6 axb6) 14. Bf4 (14. b4 $14 Nd7 15. Bg5) 14... dxe5 $11 15. Bxe5 f6 16. Bf4 e5 17. Be3 Rc8 18. Rd2 f5 19. Rad1 $36 {[%mdl 2048] White fights for an advantage.} Nf6 20. Nb5 (20. b4 $11 e4 21. Ne1) 20... Nfe4 (20... Nce4 $15 21. Re2 Bc6) 21. Bxc5 $1 Qxc5 {[#]} (21... Nxc5 $11 {remains equal.} 22. Ne1 e4) 22. Ng5 $1 $16 {[%mdl 512]} Bh6 (22... Nxg5 23. Bxb7) 23. Nxe4 ({Much worse is} 23. Bxe4 $6 fxe4 24. Ne6 Qc6 $11) (23. Ne6 $142 $1 {[%cal Re6c5]} Qe7 24. Rd7 Qxe6 25. Rxb7) 23... Bxe4 24. Bxe4 Bxd2 25. Rxd2 $2 (25. Bb7 $16 Bg5 26. Rd5 (26. Bxc8 Rxc8 27. Nc3 Qe7 $14)) 25... fxe4 $15 26. Qxe4 Rcd8 27. Re2 Rf5 28. Nc3 Qd4 29. Qc2 Qd3 $1 30. Nd5 Qxc2 31. Rxc2 {[%mdl 4096] Endgame KRR-KRN} Kf7 32. Ne3 (32. Kg2 $15) 32... Rf6 $17 33. Re2 ({Better is} 33. Nd5 Rc6 34. Re2) 33... Re6 (33... Rfd6 $142 $1 34. Kf1 Rd4) 34. Kf1 Rd7 35. Ke1 h5 36. h4 Re8 37. Nd5 {[#]} b5 $1 {[%mdl 512]} 38. Re3 ({White should try} 38. f4) (38. cxb5 Rxd5) 38... Re6 39. Kd2 {[#]} (39. Ke2 $17) 39... bxc4 (39... Ra6 $1 $19 40. Kc3 bxc4) 40. bxc4 Ra6 41. a3 Ra4 42. Rc3 Ke6 43. Kc2 Ra5 44. Re3 Rc5 45. Kb3 {[#]} Rb7+ $1 46. Kc3 Ra5 47. Kc2 Kd6 48. Nc3 Kc6 49. Ne4 Rd7 50. Kb3 Ra6 51. Rf3 Rb7+ 52. Kc2 {aiming for Rf6+.} Rab6 53. Rf6+ (53. Nd2 $17) 53... Kc7 $19 54. Rf7+ Kd8 55. Nd6 (55. Rf8+ $142 Ke7 56. Rg8) 55... Rd7 56. Rxd7+ Kxd7 {KR-KN} 57. Ne4 Kc6 58. Nd2 Rb8 59. Kc3 Rf8 60. f3 Rd8 61. Kc2 Kb6 62. Kc3 Ka5 63. c5 Kb5 {Black is clearly winning.} 64. Nc4 Rd5 65. Nd6+ Kxc5 66. Ne4+ Kc6 67. g4 Rd4 68. Nf6 Rf4 {Precision: White = 33%, Black = 69%.} 0-1

[Event "54th Rubinstein Memorial-A 2018"]
[Site "Polanica-Zdroj"]
[Date "2018.08.22"]
[Round "5"]
[White "Bielinski, Dariusz"]
[Black "Stachowiak, Kamil"]
[Result "0-1"]
[WhiteElo "2100"]
[BlackElo "2447"]
[Annotator "TA"]
[PlyCount "112"]
[EventDate "2018.08.18"]
[EventType "swiss"]
[EventCountry "POL"]
[SourceTitle "playchess.com"]
[Source "ChessBase"]
[SourceQuality "1"]

{[%evp 36,112,58,56,54,54,78,15,15,8,15,11,4,3,21,22,22,17,22,16,39,33,33,33,47,27,30,22,32,0,0,-70,22,-5,27,-2,13,0,8,0,0,0,0,0,0,0,0,0,0,0,0,0,0,0,0,0,0,-17,-7,-133,-129,-106,-85,-98,-81,-104,-102,-266,-259,-611,-572,-29993,-29994,-29994,-29995,-29996,-29995,-29995,-29995]} 1. Nf3 c5 2. c4 Nf6 3. Nc3 g6 4. d4 cxd4 5. Nxd4 Bg7 6. e4 d6 7. f3 Nc6 8. Be3 O-O 9. Qd2 Bd7 10. Be2 Nxd4 11. Bxd4 a5 12. b3 Bc6 13. O-O Nd7 14. Be3 Nc5 15. Rab1 Qb6 16. Rfc1 Rfc8 17. Rc2 Qd8 18. Bf1 Qf8 19. Ne2 {LiveBook: 5 Games. B38: Sicilian: Maroczy Bind with 5...Bg7 and 7...0-0} Be5 (19... Nxe4 20. fxe4 Bxe4 21. Nc3 Bxc2 22. Qxc2 a4 23. Nd5 axb3 24. Rxb3 Ra5 25. Qd2 Rca8 26. Rxb7 e6 {1-0 (91) Wojtaszek,R (2749)-Zelbel,P (2448) Tallinn 2016}) 20. Nd4 Qg7 $146 ({Predecessor:} 20... Bd7 21. Rd1 Qg7 22. g3 f5 23. exf5 gxf5 24. Ne2 Bc6 25. Bg2 Qf7 26. Nf4 Ne6 27. Nxe6 Qxe6 {½-½ (44) Kadric,D (2156)-Popovic,M (2423) Belgrade 2009}) 21. a3 (21. g3 $16) 21... a4 $11 22. Nxc6 bxc6 23. b4 Nb3 24. Qf2 c5 25. b5 Bd4 26. Kh1 e5 27. Bd3 Qf6 28. Re2 Qe6 29. Qh4 f6 30. Qh6 Rc7 31. Bd2 Rg7 32. h3 Qf7 33. Be3 (33. Qh4 $1 $11) 33... Kf8 (33... g5 $1 $15) 34. Qh4 {Threatening Bh6.} Ke7 {[%cal Bf8e7,Be7d8,Bd8c7][%mdl 32]} 35. Qe1 Kd8 36. Rc2 Kc7 37. Bxd4 Nxd4 38. Rf2 Kb6 39. f4 exf4 40. Rxf4 Qe6 41. Qf2 Rf7 42. Rf1 {[%cal Rf4f6]} Raf8 $1 43. Qe1 g5 44. R4f2 h5 45. Qd1 g4 46. h4 $1 (46. Qxa4 Ra7 $17) 46... Qe5 {White should prevent ...Qg3.} 47. Rf4 {[#]} ({Avoid the trap} 47. Qxa4 $2 Ra7 $19) (47. Qe1 $11) 47... Ne6 $1 $17 {[%cal Re6f4]} 48. Rf5 Qg3 49. Rxh5 {[#]} Nf4 $1 $36 {[%mdl 2048] Black is really pushing.} 50. Rxf4 Qxf4 51. Be2 $2 (51. Rf5 $17 Qg3 52. h5) 51... g3 52. Bg4 $2 (52. e5 Qd4 53. Qxd4 cxd4 54. exd6) 52... f5 $19 53. exf5 Re7 {Black mates.} 54. f6 Rxf6 55. Rf5 Rxf5 56. Bxf5 {[#]} Re2 $1 {[%mdl 512] Precision: White = 39%, Black = 67%.} 0-1

[Event "54th Rubinstein Memorial-A 2018"]
[Site "Polanica-Zdroj"]
[Date "2018.08.21"]
[Round "5"]
[White "Bilczewski, Kacper"]
[Black "Okrucinski, Tadeusz"]
[Result "1/2-1/2"]
[WhiteElo "2089"]
[BlackElo "2182"]
[Annotator "NA"]
[PlyCount "81"]
[EventDate "2018.08.18"]
[EventType "swiss"]
[EventCountry "POL"]
[SourceTitle "playchess.com"]
[Source "ChessBase"]
[SourceQuality "1"]
[TimeControl "40/5400+30:1800+30"]

1. e4 {[%emt 0:00:00]} c5 {[%emt 0:00:00]} 2. c3 {[%emt 0:00:00]} d5 {[%emt 0:00:50]} 3. exd5 {[%emt 0:00:00]} Qxd5 {[%emt 0:00:07]} 4. d4 {[%emt 0:00:00]} Nf6 {[%emt 0:00:48]} 5. Nf3 {[%emt 0:00:00]} cxd4 {[%emt 0:00:09]} 6. cxd4 {[%emt 0:00:00]} e6 {[%emt 0:00:06]} 7. Nc3 {[%emt 0:00:08]} Qd6 {[%emt 0:00:26]} 8. Be2 {[%emt 0:00:11]} Be7 {[%emt 0:00:44]} 9. O-O {[%emt 0:00:05]} O-O {[%emt 0:02:31]} 10. Nb5 {[%emt 0:00:09]} Qd8 {[%emt 0:01:44]} 11. Bf4 {[%emt 0:00:06]} Nc6 {[%emt 0:06:24]} 12. Rc1 {[%emt 0:02:42]} Nd5 {[%emt 0:01:25]} 13. Bg3 {[%emt 0:00:06]} a6 {[%emt 0:07:55]} 14. Nc3 {[%emt 0:08:22]} Nxc3 {[%emt 0:19:30]} 15. bxc3 {[%emt 0:00:29]} Qa5 {[%emt 0:12:34]} 16. Qb3 {[%emt 0:02:40]} Rd8 {[%emt 0:01:18]} 17. Rfd1 {[%emt 0:00:10]} Qa3 {[%emt 0:05:05]} 18. c4 {[%emt 0:07:19]} Qxb3 {[%emt 0:00:38]} 19. axb3 {[%emt 0:00:07]} Bf6 {[%emt 0:06:34]} 20. d5 {[%emt 0:25:48]} exd5 {[%emt 0:00:20]} 21. cxd5 {[%emt 0:00:06]} Nb4 {[%emt 0:00:23]} 22. d6 {[%emt 0:01:05]} Na2 {[%emt 0:07:16]} 23. Rc7 {[%emt 0:02:50]} Nc3 {[%emt 0:00:13]} 24. Re1 {[%emt 0:03:10]} Nxe2+ {[%emt 0:08:00]} 25. Rxe2 {[%emt 0:00:03]} b5 {[%emt 0:00:40]} 26. b4 {[%emt 0:05:57]} h6 {[%emt 0:05:28]} 27. h3 {[%emt 0:11:27]} Be6 {[%emt 0:04:22]} 28. Rd2 {[%emt 0:01:05]} Rac8 {[%emt 0:06:21]} 29. Rdc2 {[%emt 0:03:52]} Ra8 {[%emt 0:00:35]} 30. R2c5 {[%emt 0:06:33]} a5 {[%emt 0:00:21]} 31. bxa5 {[%emt 0:00:46]} Rxa5 {[%emt 0:00:07]} 32. Rb7 {[%emt 0:02:08]} Ra1+ {[%emt 0:01:32]} 33. Kh2 {[%emt 0:00:06]} Bc4 {[%emt 0:00:40]} 34. Nd2 {[%emt 0:07:00]} Bd4 {[%emt 0:00:21]} 35. Rcc7 {[%emt 0:00:46]} Be6 {[%emt 0:00:54]} 36. Nf3 {[%emt 0:02:27]} Bf6 {[%emt 0:00:38]} 37. Rxb5 {[%emt 0:00:06]} Rd1 {[%emt 0:00:07]} 38. Rbb7 {[%emt 0:02:52]} Ra8 {[%emt 0:01:06]} 39. Ra7 {[%emt 0:01:16]} Rb8 {[%emt 0:00:14]} 40. Rab7 {[%emt 0:00:00]} Ra8 {[%emt 0:00:00]} 41. Ra7 {[%emt 0:10:48]} 1/2-1/2